Wallace and Gromit Films - Statistics

General Stats
  • This quiz has been taken 86 times
  • The average score is 5 of 6
Answer Stats
Year Film Name % Correct
1993 The Wrong Trousers
89%
1989 A Grand Day Out
81%
2005 The Curse of the Were Rabbit
76%
1995 A Close Shave
74%
2008 A Matter of Loaf and Death
73%
2024 Vengeance Most Fowl
70%
No matching quizzes found
Score Distribution
Percent of People with Each Score
Percentile by Number Answered
Your Score History
You have not taken this quiz